| 000 | 00441nam a2200193Ia 4500 | ||
|---|---|---|---|
| 008 | 151121s9999||||xx |||||||||||||| ||und|| | ||
| 082 | _a796ред5/Duk | ||
| 082 | _bHNW-42573 | ||
| 100 | _aDuker Peter | ||
| 245 | _aSting In The Tail | ||
| 260 | _bPelham Books | ||
| 260 | _c-- | ||
| 300 | _a175 | ||
| 600 | _aDuker Peter | ||
| 630 | _aSting In The Tail | ||
| 700 | _aDuker Peter | ||
| 730 | _aSting In The Tail | ||
| 942 | _cBOOK | ||
| 999 |
_c1231148 _d1231145 |
||